Đang tải...

Historical GIS : technologies, methodologies, and scholarship /

Chi tiết về thư mục
Tác giả chính: Gregory, Ian
Tác giả khác: Ell, Paul S.
Định dạng: Printed Book
Được phát hành: Cambridge ; New York : Cambridge University Press, 2007.
Loạt:Cambridge studies in historical geography ; 39
Những chủ đề:
Truy cập trực tuyến:Table of contents only
Book review (H-Net)
Contributor biographical information
Publisher description
LEADER 01530cam a2200301 a 4500
010 |a  2007032991 
020 |a 9780521671705(pbk.) 
020 |a 9780521855631(hbk.) 
050 0 0 |a G70.212  |b .G75 2007 
082 0 0 |a 910/.285 
100 1 |a Gregory, Ian, 
245 1 0 |a Historical GIS :  |b technologies, methodologies, and scholarship /  |c Ian N. Gregory, Paul S. Ell. 
260 |a Cambridge ;  |a New York :  |b Cambridge University Press,  |c 2007. 
300 |a x, 227 p. :  |b ill., maps (some col.) ;  |c 26 cm. 
490 0 |a Cambridge studies in historical geography ;  |v 39 
504 |a Includes bibliographical references. 
650 0 |a Historical geographic information systems. 
650 0 |a Historical geography 
700 1 |a Ell, Paul S. 
856 4 1 |3 Table of contents only  |u http://www.loc.gov/catdir/enhancements/fy0729/2007032991-t.html 
856 4 2 |3 Book review (H-Net)  |u http://www.h-net.org/reviews/showrev.php?id=23981 
856 4 2 |3 Contributor biographical information  |u http://www.loc.gov/catdir/enhancements/fy0729/2007032991-b.html 
856 4 2 |3 Publisher description  |u http://www.loc.gov/catdir/enhancements/fy0729/2007032991-d.html 
906 |a 7  |b cbc  |c orignew  |d 1  |e ecip  |f 20  |g y-gencatlg 
942 |c BK 
955 |a jb10 2007-08-13  |i jb10 2007-08-13  |a jb10 2007-08-13 to SHED  |a aa24 2007-08-22 ;  |a pv12 2008-03-31 to BCCD  |a ld08 2008-04-16 (cp. 2) to BCCD 
999 |c 291648  |d 291648 
952 |0 0  |1 0  |4 0  |6 910_285000000000000_GRE_H  |7 0  |9 331935  |a HIS  |b HIS  |c ST1  |d 2018-04-09  |i 25721  |l 0  |o 910.285 GRE/H  |p HIS25721  |r 2018-08-23  |w 2018-08-23  |y BK